[Event "Rilton Cup 34th"]
[Site "Stockholm"]
[Date "2005.01.02"]
[Round "6"]
[White "Bernholdsson, Svante"]
[Black "Wikstrom, Hans"]
[Result "1/2-1/2"]
[WhiteElo "1955"]
[BlackElo "2048"]
[PlyCount "50"]
[EventDate "2004.12.27"]
[EventType "swiss"]
[EventRounds "9"]
[EventCountry "SWE"]
[SourceTitle "CBM 104 Extra"]
[Source "ChessBase"]
[SourceDate "2005.03.01"]
[SourceVersion "1"]
[SourceVersionDate "2005.03.01"]
[SourceQuality "1"]

1. d4 Nf6 2. c4 e6 3. Nc3 d5 4. cxd5 exd5 5. Bg5 c6 6. Qc2 g6 7. Nf3 Be7 8. e3 Bf5 9. Bd3 Bxd3 10. Qxd3 Nbd7 11. 0-0 0-0 12. Ne5 Nxe5 13. dxe5 Nd7 14. Bxe7 Qxe7 15. f4 f6 16. e4 Nc5 17. Qe3 Nxe4 18. Nxe4 dxe4 19. Qxe4 Qc5+ 20. Kh1 fxe5 21. fxe5 Rxf1+ 22. Rxf1 Re8 23. Re1 Re6 24. Qf4 Qd5 25. b3 Re7 1/2-1/2

[Event "Rilton Cup 34th"]
[Site "Stockholm"]
[Date "2004.12.29"]
[Round "3"]
[White "Wikstrom, Hans"]
[Black "Edlund, Robin"]
[Result "0-1"]
[WhiteElo "2048"]
[BlackElo "2206"]
[PlyCount "56"]
[EventDate "2004.12.27"]
[EventType "swiss"]
[EventRounds "9"]
[EventCountry "SWE"]
[SourceTitle "CBM 104 Extra"]
[Source "ChessBase"]
[SourceDate "2005.03.01"]
[SourceVersion "1"]
[SourceVersionDate "2005.03.01"]
[SourceQuality "1"]

1. e4 e6 2. d4 d5 3. Nc3 Nf6 4. e5 Nfd7 5. f4 c5 6. Nf3 Nc6 7. Be3 cxd4 8. Nxd4 Bc5 9. Qd2 0-0 10. 0-0-0 a6 11. Qf2 Bxd4 12. Bxd4 b5 13. Bd3 b4 14. Ne2 a5 15. Kb1 Ba6 16. Rhe1 Qc7 17. g4 a4 18. Nc1 Rfc8 19. Qe3 Bxd3 20. cxd3 Nxd4 21. Qxd4 Qc2+ 22. Ka1 Nc5 23. Qxb4 Nb3+ 24. Nxb3 axb3 25. a3 Rcb8 26. Qd6 Rc8 27. Rb1 Rc6 28. Qb4 Rca6 0-1

[Event "Rilton Cup 34th"]
[Site "Stockholm"]
[Date "2004.12.28"]
[Round "2"]
[White "Wikstrom, Hans"]
[Black "Jiretorn, Eva"]
[Result "1-0"]
[WhiteElo "2048"]
[BlackElo "2145"]
[PlyCount "117"]
[EventDate "2004.12.27"]
[EventType "swiss"]
[EventRounds "9"]
[EventCountry "SWE"]
[SourceTitle "CBM 104 Extra"]
[Source "ChessBase"]
[SourceDate "2005.03.01"]
[SourceVersion "1"]
[SourceVersionDate "2005.03.01"]
[SourceQuality "1"]

1. e4 c5 2. Nf3 Nc6 3. Nc3 g6 4. d4 cxd4 5. Nxd4 Bg7 6. Be3 Nf6 7. Be2 0-0 8. 0-0 d5 9. exd5 Nb4 10. Qd2 Nbxd5 11. Nxd5 Nxd5 12. Bh6 Bxh6 13. Qxh6 Qb6 14. Nb3 Nb4 15. Bd1 Bf5 16. c3 Nc6 17. Re1 a5 18. Qe3 Qxe3 19. Rxe3 a4 20. Nc5 a3 21. b4 b6 22. Bf3 Rac8 23. Na4 b5 24. Nc5 Rfd8 25. g4 Bd7 26. Rd1 Be8 27. Rxd8 Rxd8 28. Rd3 Rxd3 29. Nxd3 e6 30. Ne1 Ne5 31. Be2 Bc6 32. Nc2 Bd5 33. Nxa3 Bxa2 34. Nxb5 Bc4 35. Bxc4 Nxc4 36. Kf1 Kf8 37. Ke2 Ke7 38. f4 Kd7 39. Kd3 Nb2+ 40. Kd4 f5 41. g5 Nd1 42. c4 Nf2 43. Nc3 Ng4 44. h4 Nh2 45. Kc5 Nf3 46. Kb6 e5 47. Kb7 exf4 48. c5 Ne5 49. b5 Nc4 50. c6+ Ke6 51. c7 Nd6+ 52. Kc6 f3 53. Nd1 Nc8 54. b6 Ne7+ 55. Kb7 Kd7 56. Nf2 Nc8 57. Nd3 Nd6+ 58. Kb8 f4 59. b7 1-0

[Event "Rilton Cup 34th"]
[Site "Stockholm"]
[Date "2004.12.27"]
[Round "1"]
[White "Doggers, Peter"]
[Black "Wikstrom, Hans"]
[Result "1-0"]
[WhiteElo "2292"]
[BlackElo "2048"]
[PlyCount "81"]
[EventDate "2004.12.27"]
[EventType "swiss"]
[EventRounds "9"]
[EventCountry "SWE"]
[SourceTitle "CBM 104 Extra"]
[Source "ChessBase"]
[SourceDate "2005.03.01"]
[SourceVersion "1"]
[SourceVersionDate "2005.03.01"]
[SourceQuality "1"]

1. e4 c5 2. Nf3 Nc6 3. d4 cxd4 4. Nxd4 Nf6 5. Nc3 e5 6. Ndb5 h6 7. Nd6+ Bxd6 8. Qxd6 Qe7 9. Qxe7+ Kxe7 10. Be3 d6 11. f3 Be6 12. 0-0-0 Rhc8 13. g4 a6 14. h4 Nb4 15. Kb1 b5 16. Rh2 Ne8 17. g5 hxg5 18. hxg5 Rab8 19. a3 Nc6 20. Nd5+ Bxd5 21. exd5 Na5 22. b3 Nb7 23. f4 Nc5 24. Re1 f6 25. gxf6+ Nxf6 26. fxe5 dxe5 27. Bh3 Rc7 28. Bxc5+ Rxc5 29. Rxe5+ Kd6 30. Re6+ Kc7 31. Rg2 Rxd5 32. Rxg7+ Rd7 33. Rxd7+ Nxd7 34. Re7 Rd8 35. Kb2 Kd6 36. Rxd7+ Rxd7 37. Bxd7 Kxd7 38. Kc3 Kc6 39. Kd4 Kd6 40. c4 bxc4 41. bxc4 1-0